000
00293nam a2200133Ia 4500
008
190216s9999||||xx |||||||||||||| ||und||
100
_a
Yadav M S
245
0
_a
Thermodynamics
250
_a
1st Ed.
260
_b
Anmol Publications
_c
1990
300
_a
311
650
_a
Chemistry
942
_c
BK
999
_c
2780
_d
2780